| 000 | 01228cam a2200253 4500 | ||
|---|---|---|---|
| 001 | L125346 | ||
| 008 | 040305n2004 000 0 eng u | ||
| 020 |
_a1842191853 _z1842191831 (wrongly printed) |
||
| 035 | _a(Sirsi) u125346 | ||
| 041 | 0 | _aeng | |
| 050 | 0 | 4 | _a658.91 $2 18 |
| 100 | 1 | _aPage, Mark | |
| 245 | 0 | 0 | _aInnovation and current practice in large UK quantity surveying firms |
| 260 |
_aLondon _bRICS Foundation _c2004 |
||
| 490 | 0 |
_aRICS Foundation Research Papers _v4(26) |
|
| 520 | _aDevelops a model of innovation for classifying types of innovation among professional service firms. This framework is then used to gather evidence of innovation among the largest UK quantity surveying firms. Evidence of substantial innovation is presented in relation to service products, process of service delivery, markets, organisational structure, and resources deployed. References. | ||
| 651 | 4 |
_aUnited Kingdom _y |
|
| 690 |
_aQuantity surveying _96263 |
||
| 700 | 1 | _aPearson, Stephen | |
| 700 | 1 | _aPryke, Stephen D. | |
| 710 | 2 |
_aRoyal Institution of Chartered Surveyors _bFoundation _94173 |
|
| 856 | 4 | 8 |
_uhttps://www.rics.org/site/scripts/download_info.aspx?downloadID=2627 _zView on RICS website |
| 942 | _n0 | ||
| 999 |
_c103370 _d103370 |
||